Welcome to the Holygrace Academy Library

Please use search bar below to get started

CINDRELLA (Record no. 2197)

MARC details
000 -LEADER
fixed length control field 00398nam a22001577a 4500
020 ## - INTERNATIONAL STANDARD BOOK NUMBER
ISBN 978-93-84736-76-7
082 ## - DEWEY DECIMAL CLASSIFICATION NUMBER
Classification number 823GEO/C
100 ## - MAIN ENTRY--AUTHOR NAME
Personal name GEORGE, BEENA
245 ## - TITLE STATEMENT
Title CINDRELLA
Remainder of title ILLUSTRATED CLASSICS
246 ## - VARYING FORM OF TITLE
Title proper/short title CINDRELLA
Remainder of title ILLUSTRATED CLASSICS
260 ## - PUBLICATION, DISTRIBUTION, ETC. (IMPRINT)
Place of publication THRISSUR
Name of publisher H & C bOOKS
Year of publication 2018
300 ## - PHYSICAL DESCRIPTION
Number of Pages 48
520 ## - SUMMARY, ETC.
Summary, etc ILLUSTRATED FAIRY TALE
650 ## - SUBJECT ADDED ENTRY--TOPICAL TERM
Topical Term ILLUSTRATED FAIRY TALE
942 ## - ADDED ENTRY ELEMENTS (KOHA)
Koha item type Books
Holdings
Withdrawn status Lost status Collection code Home library Current library Shelving location Date acquired Source of acquisition Cost, normal purchase price Full call number Accession Number Koha item type
    Fiction Main Library Main Library SHELF 4-D MYTHOLOGY 06/12/2019 Purchase 30.00 823GEO/C 12193 Books
    Fiction Main Library Main Library SHELF 3- J- ENGLISH CHILDRENS LITERATURE &MYTHOLOGY 03/10/2015 PURCHASE 20.00 823GEO/C 03576 Books
    Fiction Main Library Main Library SHELF 3- J- ENGLISH CHILDRENS LITERATURE &MYTHOLOGY 16/03/2018 PURCHASE 20.00 823GEO/C 10174 Books